书目信息 |
| 题名: |
元史选译
|
|
| 作者: | 樊善国 , 徐梓 译注 | |
| 分册: | ||
| 出版信息: | 成都 巴蜀书社 1991.10 |
|
| 页数: | 379页 | |
| 开本: | 19cm | |
| 丛书名: | 古代文史名著选译丛书 | |
| 单 册: | ||
| 中图分类: | K247.042 , I211 | |
| 科图分类: | ||
| 主题词: | 历史人物--列传--中国--元代 , 历史人物 , 文学--作品集--中国 | |
| 电子资源: | ||
| ISBN: | 7-80523-358-6 | |
| 000 | 00922oam2 2200325 450 | |
| 001 | 1570603574 | |
| 005 | 20150121193718.28 | |
| 010 | @a7-80523-358-6 | |
| 100 | @a19920527d1991 em y0chiy0110 ea | |
| 101 | 0 | @achi |
| 102 | @aCN@b510000 | |
| 105 | @ay z 000yc | |
| 200 | 1 | @a元史选译@9yuan shi xuan yi@f樊善国,徐 梓译注 |
| 210 | @a成都@c巴蜀书社@d1991.10 | |
| 215 | @a379页@d19cm | |
| 225 | 2 | @a古代文史名著选译丛书@i宋元明清@f章培恒主编 |
| 300 | @a国家教委古籍整理“七·五”规划重点项目 | |
| 461 | 0 | @12001 @a古代文史名著选译丛书 |
| 462 | 0 | @12001 @a宋元明清 |
| 605 | @a元史@x译文 | |
| 605 | @2CT@3S905284@a元史 | |
| 606 | 0 | @a历史人物@x列传@y中国@z元代 |
| 606 | 0 | @a历史人物 |
| 606 | 0 | @a文学@x作品集@x中国 |
| 690 | @aK247.042@v三版 | |
| 690 | @aI211@v4 | |
| 701 | 0 | @a樊善国@9fan shan guo@4译注 |
| 701 | 0 | @a徐梓@9xu zi@4译注 |
| 801 | 0 | @aCN@bTSSF@c20150121 |
| 905 | @aZUCC@dI211@eJY87 | |
| 元史选译/樊善国,徐 梓译注.-成都:巴蜀书社,1991.10 |
| 379页;19cm.-(古代文史名著选译丛书.宋元明清/章培恒主编) |
| 国家教委古籍整理“七·五”规划重点项目 |
| ISBN 7-80523-358-6: |
| ● |
| 相关链接 |
|
|
|
|
正题名:元史选译
索取号:I211/JY87
 
预约/预借
| 序号 | 登录号 | 条形码 | 馆藏地/架位号 | 状态 | 备注 |
| 1 | 7855942 | 278559427 | 学院路分馆/ [索取号:I211/JY87] | 在馆 | |
| 2 | 7855943 | 278559436 | 学院路分馆/ [索取号:I211/JY87] | 在馆 |